000 00726nas a2200253 454500
001 IICA0600447
003 BR-BrBNA
005 20260323111526.0
007 ta
008 260323b bl.|||p| |||| 00| 00por d
040 _aBR-BrBNA
_bpor
_cBiblioteca Nacional de Agricultura
041 _a(Es)
072 _aL51
100 1 _aAlba, J.de.
100 1 _aDavis, G.K.
245 1 _aMinerales en la nutricion animal en la America Latina
300 _av. 7 (1-2) p. 16-33
650 _aMINERAL
650 _aMETABOLISMO MINERAL
650 _aNUTRICAO ANIMAL
773 0 _tTURRIALBA (IICA)
_X0041-4360
_g(Jan-Jun 1957), v. 7 (1-2) p. 16-33
_wIICA0600447
909 _a202603
_bLúcia
_c55
_dLúcia Elande
942 _2IICA
_n0
_cANA
999 _c340698
_d340698